| 000 | 00741 a2200193 4500 | ||
|---|---|---|---|
| 999 |
_c2992 _d2992 |
||
| 020 | _a9780465032921 (hbk.) | ||
| 020 | _a9780465032921 | ||
| 050 | 0 | 0 | _aK2290 SCH 2013 |
| 100 | 1 | _aSchneps, Leila. | |
| 245 | 1 | 0 |
_aMath on trial : _bhow numbers get used and abused in the courtroom / _cLeila Schneps and Coralie Colmez. |
| 264 | 1 |
_aNew York : _bBasic Books, _c[2013] |
|
| 300 |
_axi, 256 pages : _billustrations, portraits ; |
||
| 500 | _aMath trial | ||
| 504 | _aIncludes bibliographical references and index. | ||
| 650 | 0 | _aForensic statistics. | |
| 700 | 1 |
_aColmez, Coralie, _d1988- |
|
| 942 |
_2lcc _cBK _h2290 _iSCH _kK |
||